Statistics for All Giant Skylanders

Click here to take the quiz!

General Stats

  • This quiz has been taken 48 times
  • The average score is 10 of 15

Answer Stats

HintAnswer% Correct
LifeTree Rex
96%
EarthCrusher
85%
UndeadEye Brawl
85%
MagicNinjini
85%
FireHot Head
81%
TechBouncer
77%
WaterThumpback
77%
AirSwarm
73%
Life (Variant)Gnarly Tree Rex
69%
Earth (Variant)Granite Crusher
69%
Magic (Variant)Scarlet Ninjini
69%
Tech (Variant)Legendary bouncer
58%
Undead (Chase variant)Pumpkin Eye Brawl
46%
Undead (Chase variant)Metallic Purple Eye Brawl
23%
Fire (Chase variant)Sparkle Hot Head
23%

Score Distribution

Percentile by Number Answered

Percent of People with Each Score

Your Score History

You have not taken this quiz